Wave Optics (Record no. 13054)

MARC details
000 -LEADER
fixed length control field 00301nam a22001337a 4500
020 ## - INTERNATIONAL STANDARD BOOK NUMBER
International Standard Book Number 9788120345003
082 ## - DEWEY DECIMAL CLASSIFICATION NUMBER
Classification number 535.13
Item number GHW
100 ## - MAIN ENTRY--PERSONAL NAME
Personal name GARGE, Suresh
245 ## - TITLE STATEMENT
Title Wave Optics
260 ## - PUBLICATION, DISTRIBUTION, ETC. (IMPRINT)
Place of publication, distribution, etc New Delhi,
Name of publisher, distributor, etc PHI Learning:
Date of publication, distribution, etc 2012.
300 ## - PHYSICAL DESCRIPTION
Extent xiv,394p.
700 ## - ADDED ENTRY--PERSONAL NAME
Personal name Gupta, Sanjay
942 ## - ADDED ENTRY ELEMENTS (KOHA)
Source of classification or shelving scheme Dewey Decimal Classification
Koha item type Text Books

No items available.

Design & Developed by: PIET Central Library
R70 Miles Stone Pattikalyana Samalkha Panipat 132102
mail ID :- [email protected], Phone No:- 0180-2569700 Ex.216